[Event "Gibraltar Challengers B 2019"]
[Site "Caleta"]
[Date "2019.01.29"]
[Round "4"]
[White "Sidali, Elias Hulleberg"]
[Black "Bottema, Martin"]
[Result "1/2-1/2"]
[WhiteElo "1783"]
[BlackElo "2104"]
[Annotator "NA RC"]
[PlyCount "84"]
[EventDate "2019.01.18"]
[EventType "swiss"]
[EventCountry "GGB"]
[SourceTitle "playchess.com"]
[Source "ChessBase"]
[SourceQuality "1"]
[TimeControl "6600+10"]

{[%evp 42,81,-2,32767,-12,-45,32767,-58,-43,-43,-40,-51,-20,-20,0,0,0,-2,-1,0,-2,-5,-4,-29,-32,-24,-23,-50,-46,-42,-47,-98,-104,-149,-77,-106,-101,-103,-100,-126,0,-143]} 1. e4 {[%emt 0:00:01]} e5 {[%emt 0:00:00]} 2. Nf3 {[%emt 0:00:02]} Nc6 {[%emt 0:00:06]} 3. Nc3 {[%emt 0:00:04]} Nf6 {[%emt 0:00:07]} 4. Be2 {[%emt 0:00:02]} d5 {[%emt 0:02:46]} 5. exd5 {[%emt 0:00:25]} Nxd5 {[%emt 0:00:06]} 6. O-O {[%emt 0:00:09]} Nxc3 {[%emt 0:01:41]} 7. bxc3 {[%emt 0:00:03]} Bd6 {[%emt 0:00:10] C47: Scotch Four Knights and Four Knights with 4 g3} (7... e4 8. Ne1 Bd6 9. f3 f5 10. fxe4 fxe4 11. Rb1 Qe7 12. d4 exd3 13. cxd3 Bd7 14. Rxb7 O-O-O 15. Rb2 {1-0 (29) Van Foreest,J (2629)-Giri,A (2752) Amstelveen 2017}) 8. d4 {[%emt 0:00:05]} exd4 {[%emt 0:03:04]} 9. cxd4 {[%emt 0:00:07]} O-O {[%emt 0:00:11]} 10. Rb1 {[%emt 0:06:32]} Rb8 {[%emt 0:05:09]} 11. Bg5 $146 {[%emt 0:01:55]} ({Predecessor:} 11. c4 Bg4 12. Be3 b6 13. h3 Bxf3 14. Bxf3 Ne7 15. c5 bxc5 16. dxc5 {1-0 (101) Kutchoukov,D (1902)-Shakhverdian,W (1777) Assen 2018}) 11... f6 {[%emt 0:04:52]} 12. Be3 {[%emt 0:02:24]} Ne7 {[%emt 0:12:15]} 13. c4 {[%emt 0:03:16]} Nf5 {[%emt 0:04:54]} 14. c5 {[%emt 0:03:39]} Nxe3 {[%emt 0:02:28]} 15. Qb3+ {[%emt 0:00:12]} Kh8 {[%emt 0:00:31]} 16. fxe3 {[%emt 0:00:13]} Be7 {[%emt 0:00:16]} 17. Bd3 {[%emt 0:04:50]} g6 {[%emt 0:06:31]} 18. Rbd1 {[%emt 0:10:34]} c6 {[%emt 0:01:27]} 19. e4 {[%emt 0:04:38]} Bg4 {[%emt 0:00:40]} 20. Qc3 {[%emt 0:02:01]} b6 {[%emt 0:00:43]} 21. cxb6 {[%emt 0:00:13]} axb6 {[%emt 0:04:02]} 22. Bc2 {[%emt 0:02:26]} Qd6 {[%emt 0:03:14]} 23. e5 {[%emt 0:05:55]} fxe5 {[%emt 0:00:31]} 24. dxe5 {[%emt 0:05:39]} Qc5+ {[%emt 0:00:10]} 25. Qxc5 {[%emt 0:00:05]} Bxc5+ {[%emt 0:00:04]} 26. Kh1 {[%emt 0:00:05]} Be6 {[%emt 0:04:56]} 27. Bb3 {[%emt 0:00:44]} Bg4 {[%emt 0:03:44]} 28. h3 {[%emt 0:01:43]} Bxf3 {[%emt 0:00:22]} 29. Rxf3 {[%emt 0:00:17]} Rxf3 {[%emt 0:00:23]} 30. gxf3 {[%emt 0:00:05]} Re8 {[%emt 0:00:34]} 31. e6 {[%emt 0:01:56]} Kg7 {[%emt 0:00:05]} 32. Rc1 {[%emt 0:01:30]} Rc8 {[%emt 0:05:15]} 33. a4 {[%emt 0:00:35]} Be7 {[%emt 0:01:35]} 34. Bd5 {[%emt 0:00:35]} c5 {[%emt 0:09:46]} 35. Kg2 {[%emt 0:01:56]} Rd8 {[%emt 0:01:32]} 36. Bc4 {[%emt 0:01:40]} Rd2+ {[%emt 0:00:09]} 37. Kf1 {[%emt 0:01:10]} Rd4 {[%emt 0:01:29]} ({Black should try} 37... Rh2 38. Rd1 Rxh3) 38. Ke2 {[%emt 0:00:13]} Kf6 {[%emt 0:01:06]} 39. Kf2 $1 $11 {[%emt 0:05:18] was the only way to keep the balance.} Bd6 {[%emt 0:00:36]} 40. Rc2 {[%emt 0:00:34]} Be7 $11 {[%emt 0:01:48]} ({Black should play} 40... g5 $17 41. Ke2 Ke7) 41. Ke2 {[%emt 0:01:52]} Ke5 {[%emt 0:01:52]} 42. Kf2 {[%emt 0:00:32]} Kf6 {[%emt 0:00:23]} 1/2-1/2

[Event "Gibraltar Challengers B 2019"]
[Site "Caleta"]
[Date "2019.01.29"]
[Round "4"]
[White "Tkadlecek, Petr"]
[Black "Diaz Mino, Daniel"]
[Result "0-1"]
[WhiteElo "1719"]
[BlackElo "1769"]
[Annotator "NA RC"]
[PlyCount "134"]
[EventDate "2019.01.18"]
[EventType "swiss"]
[EventCountry "GGB"]
[SourceTitle "playchess.com"]
[Source "ChessBase"]
[SourceQuality "1"]
[TimeControl "6600+10"]

1. d4 {[%emt 0:02:50]} Nf6 {[%emt 0:00:07]} 2. Nf3 {[%emt 0:00:13]} g6 {[%emt 0:00:11]} 3. Bf4 {[%emt 0:00:08]} Bg7 {[%emt 0:00:19]} 4. e3 {[%emt 0:00:09]} O-O {[%emt 0:00:18]} 5. Bd3 {[%emt 0:00:30]} d6 {[%emt 0:00:08]} 6. h3 {[%emt 0:00:30]} c5 {[%emt 0:00:25]} 7. c3 {[%emt 0:01:23]} Nbd7 {[%emt 0:00:20]} 8. O-O {[%emt 0:00:43]} a6 {[%emt 0:00:07]} 9. a4 {[%emt 0:00:45]} b6 {[%emt 0:00:13]} 10. Nbd2 {[%emt 0:02:20]} Bb7 {[%emt 0:01:42]} 11. Bc2 {[%emt 0:02:09]} Qc7 {[%emt 0:20:15]} 12. Qe2 {[%emt 0:01:40]} Rfe8 {[%emt 0:01:42]} 13. Bb3 {[%emt 0:04:51]} Rab8 {[%emt 0:17:20]} 14. Ng5 {[%emt 0:02:24]} Rf8 {[%emt 0:03:07]} 15. Rfc1 {[%emt 0:09:16]} h6 {[%emt 0:01:44]} 16. Ngf3 {[%emt 0:01:10]} Qd8 {[%emt 0:03:00]} 17. Bc4 {[%emt 0:01:24]} Ra8 {[%emt 0:03:01]} 18. Bg3 {[%emt 0:01:03]} Re8 {[%emt 0:09:00]} 19. Nh2 {[%emt 0:07:22]} Nh5 {[%emt 0:16:37]} 20. Qg4 {[%emt 0:02:18]} Nxg3 {[%emt 0:01:19]} 21. Qxg3 {[%emt 0:00:09]} d5 {[%emt 0:01:51]} 22. Bd3 {[%emt 0:01:13]} Qb8 {[%emt 0:00:39]} 23. Qg4 {[%emt 0:01:30]} Nf6 {[%emt 0:00:20]} 24. Qe2 {[%emt 0:00:48]} e5 {[%emt 0:01:48]} 25. dxe5 {[%emt 0:05:53]} Rxe5 {[%emt 0:01:28]} 26. Ng4 {[%emt 0:01:50]} Nxg4 {[%emt 0:00:20]} 27. Qxg4 {[%emt 0:00:15]} Rg5 {[%emt 0:00:25]} 28. Qe2 {[%emt 0:02:54]} c4 {[%emt 0:01:11]} 29. Bb1 {[%emt 0:02:48]} d4 {[%emt 0:01:53]} 30. Nf3 {[%emt 0:01:58]} d3 {[%emt 0:00:39]} 31. Qd1 {[%emt 0:00:31]} Bxf3 {[%emt 0:04:08]} 32. Qxf3 {[%emt 0:00:06]} Ra7 {[%emt 0:00:59]} 33. h4 {[%emt 0:05:00]} Rf5 {[%emt 0:00:29]} 34. Qe4 {[%emt 0:01:06]} Rc7 {[%emt 0:02:00]} 35. Ba2 {[%emt 0:01:50]} Qc8 {[%emt 0:01:10]} 36. Qg4 {[%emt 0:03:38]} h5 {[%emt 0:01:17]} 37. Qh3 {[%emt 0:01:28]} Qd8 {[%emt 0:00:34]} 38. Rd1 {[%emt 0:01:17]} Bf6 {[%emt 0:01:01]} 39. g3 {[%emt 0:02:08]} Ra5 {[%emt 0:01:19]} 40. Bb1 {[%emt 0:01:22]} Qe8 {[%emt 0:02:50]} 41. Rd2 {[%emt 0:01:58]} Rxa4 {[%emt 0:00:38]} 42. Rxa4 {[%emt 0:00:57]} Qxa4 {[%emt 0:00:02]} 43. Qf1 {[%emt 0:01:41]} Rd7 {[%emt 0:00:49]} 44. Qd1 {[%emt 0:03:26]} Qxd1+ {[%emt 0:00:28]} 45. Rxd1 {[%emt 0:00:05]} b5 {[%emt 0:00:14]} 46. Rd2 {[%emt 0:01:50]} a5 {[%emt 0:00:14]} 47. Kf1 {[%emt 0:02:02]} a4 {[%emt 0:00:16]} 48. Ba2 {[%emt 0:02:24]} a3 {[%emt 0:01:54]} 49. b3 {[%emt 0:01:50]} Bxc3 {[%emt 0:00:24]} 50. Rd1 {[%emt 0:00:23]} Rc7 {[%emt 0:00:17]} 51. bxc4 {[%emt 0:02:06]} bxc4 {[%emt 0:00:02]} 52. Rc1 {[%emt 0:06:41]} d2 {[%emt 0:00:27]} 53. Rd1 {[%emt 0:00:49]} Ba5 {[%emt 0:00:18]} 54. Bb1 {[%emt 0:06:34]} a2 {[%emt 0:00:57]} 55. Bxa2 {[%emt 0:00:55]} c3 {[%emt 0:00:07]} 56. Bb3 {[%emt 0:02:23]} c2 {[%emt 0:00:07]} 57. Bxc2 {[%emt 0:00:09]} Rxc2 {[%emt 0:00:07]} 58. Ke2 {[%emt 0:00:44]} Rc1 {[%emt 0:00:21]} 59. e4 {[%emt 0:00:36]} Kf8 {[%emt 0:00:24]} 60. f3 {[%emt 0:00:13]} Ke7 {[%emt 0:00:07]} 61. g4 {[%emt 0:00:19]} Rxd1 {[%emt 0:00:26]} 62. Kxd1 {[%emt 0:00:02]} Kd6 {[%emt 0:00:21]} 63. gxh5 {[%emt 0:00:39]} gxh5 {[%emt 0:00:12]} 64. f4 {[%emt 0:00:06]} Kc5 {[%emt 0:00:21]} 65. Ke2 {[%emt 0:00:34]} Kd4 {[%emt 0:00:13]} 66. e5 {[%emt 0:00:06]} Ke4 {[%emt 0:00:11]} 67. e6 {[%emt 0:00:07]} fxe6 {[%emt 0:00:07]} 0-1

[Event "Gibraltar Challengers B 2019"]
[Site "Caleta"]
[Date "2019.01.29"]
[Round "4"]
[White "Hng, Mei-Xian Eunice"]
[Black "Schouten, Freek"]
[Result "1-0"]
[WhiteElo "1718"]
[BlackElo "2087"]
[Annotator "NA RC"]
[PlyCount "79"]
[EventDate "2019.01.18"]
[EventType "swiss"]
[EventCountry "GGB"]
[SourceTitle "playchess.com"]
[Source "ChessBase"]
[SourceQuality "1"]
[TimeControl "6600+10"]

1. e4 {[%emt 0:00:00]} d6 {[%emt 0:00:00]} 2. d4 {[%emt 0:00:01]} Nf6 {[%emt 0:00:05]} 3. Nc3 {[%emt 0:00:09]} Nbd7 {[%emt 0:00:14]} 4. Nf3 {[%emt 0:00:13]} e5 {[%emt 0:00:12]} 5. h3 {[%emt 0:01:02]} Be7 {[%emt 0:00:21] C41: Philidor Defence} 6. Be2 {[%emt 0:00:27]} (6. g4 O-O 7. Be3 c6 8. g5 Ne8 9. Qd2 Nc7 10. O-O-O b5 11. Ne2 Ne6 12. Ng3 exd4 13. Nxd4 Nxd4 14. Qxd4 Bxg5 {½-½ (72) Antipov,M (2584)-Jobava,B (2669) Izmir 2016}) 6... c6 {[%emt 0:00:15]} 7. a4 {[%emt 0:00:34]} Qc7 {[%emt 0:00:27]} 8. O-O {[%emt 0:01:27]} h6 {[%emt 0:00:13]} 9. Be3 {[%emt 0:01:46]} g5 {[%emt 0:02:21]} 10. h4 $146 {[%emt 0:21:05]} ({Predecessor:} 10. Nd2 Nf8 11. Bg4 Bxg4 12. hxg4 Ng6 13. d5 c5 14. f3 a6 15. Ne2 {½-½ (15) Dey,J (2173)-Hilge,A (2143) Bayern 2017}) 10... Ng4 {[%emt 0:18:39]} 11. hxg5 {[%emt 0:09:36]} Nxe3 {[%emt 0:00:29]} 12. fxe3 {[%emt 0:00:12]} hxg5 {[%emt 0:01:44]} 13. Nh2 {[%emt 0:04:15]} Nf6 {[%emt 0:02:28]} 14. Ng4 {[%emt 0:01:42]} Bxg4 {[%emt 0:07:42]} 15. Bxg4 {[%emt 0:00:16]} Nxg4 {[%emt 0:05:03]} 16. Qxg4 {[%emt 0:00:10]} Qc8 {[%emt 0:00:05]} 17. Rf5 {[%emt 0:05:22]} Qe6 {[%emt 0:09:50]} 18. Raf1 {[%emt 0:12:55]} Rh7 {[%emt 0:12:44]} 19. b3 {[%emt 0:17:41]} O-O-O {[%emt 0:07:53]} 20. d5 {[%emt 0:02:41]} Qd7 {[%emt 0:00:16]} 21. Qe2 {[%emt 0:02:56]} f6 {[%emt 0:02:38]} 22. a5 {[%emt 0:05:26]} c5 {[%emt 0:17:48]} 23. Qc4 {[%emt 0:04:38]} Kb8 {[%emt 0:00:21]} 24. a6 $1 {[%emt 0:00:56]} b6 {[%emt 0:02:55]} 25. Nb5 {[%emt 0:06:20]} Rh4 {[%emt 0:02:31]} 26. Nc3 {[%emt 0:02:25]} Rdh8 {[%emt 0:00:39]} 27. Kf2 {[%emt 0:02:35]} Rh2 {[%emt 0:05:31]} 28. Qb5 {[%emt 0:02:00]} Qc8 $14 {[%emt 0:04:28]} 29. Ne2 {[%emt 0:01:11]} R8h4 {[%emt 0:02:01]} 30. Ng3 {[%emt 0:00:06]} Rh7 {[%emt 0:01:53]} 31. Rg1 {[%emt 0:00:25]} R2h4 {[%emt 0:00:43]} 32. Ke1 {[%emt 0:00:49]} Rxe4 {[%emt 0:01:24]} 33. Nxe4 {[%emt 0:01:31]} Qxf5 {[%emt 0:00:02]} 34. Qe8+ {[%emt 0:00:02]} Qc8 {[%emt 0:00:15]} 35. Qg6 {[%emt 0:00:18]} Qh8 {[%emt 0:00:10]} 36. Ke2 {[%emt 0:00:58]} Rh4 {[%emt 0:01:19]} 37. Rf1 {[%emt 0:00:39]} Qh5+ {[%emt 0:00:10]} 38. Qxh5 Rxh5 {[%emt 0:00:01]} 39. Nxg5 {[%emt 0:00:03]} fxg5 {[%emt 0:00:18]} 40. Rf2 {[%emt 0:00:47]} 1-0

[Event "Gibraltar Challengers B 2019"]
[Site "Caleta"]
[Date "2019.01.30"]
[Round "5"]
[White "Villar Reymundo, Juan Antonio"]
[Black "Havik, Victor"]
[Result "1/2-1/2"]
[WhiteElo "2237"]
[BlackElo "2088"]
[Annotator "TA"]
[PlyCount "120"]
[EventDate "2019.01.18"]
[EventType "swiss"]
[EventCountry "GGB"]
[SourceTitle "playchess.com"]
[Source "ChessBase"]
[SourceQuality "1"]

{[%evp 13,120,17,22,-29,29,32,19,20,39,26,21,19,20,0,60,41,42,18,14,8,10,7,10,16,16,0,0,0,0,0,9,8,10,9,12,5,15,10,25,18,18,19,14,15,16,9,11,6,6,7,15,16,14,16,23,14,23,22,22,0,0,0,0,0,0,0,8,0,17,17,22,20,113,0,0,0,3,5,2,0,0,0,0,0,0,-2,-4,-15,0,0,0,0,0,0,0,0,0,0,0,0,0,0,0,-1,0,-1,0,0,0]} 1. d4 Nf6 ({Predecessor:} 1... d5 2. c4 e6 3. Nf3 Nf6 {1-0 (33) Grkinic,G (1973)-Findlay,M (1839) IECG email 2004}) 2. c4 e6 3. g3 $146 (3. Nf3 d5 {½-½ (30) Wojtaszek,R (2749)-Giri,A (2780) Shenzhen 2018}) 3... d5 4. Nf3 Be7 5. Bg2 O-O 6. O-O dxc4 7. Qc2 a6 8. Bg5 {E05: Open Catalan: 5 Nf3 Be7} (8. a4 $142) (8. a4 Bd7 9. Qxc4 Bc6 10. Bg5 Nbd7 11. Nbd2 Rc8 12. Qc2 h6 13. Bxf6 Nxf6 14. Rfd1 Bb4 15. Rac1 Qd6 16. Nc4 Qe7 17. Nfe5 Bxg2 18. Kxg2 {½-½ (30) Wojtaszek,R (2749)-Giri,A (2780) Shenzhen 2018}) 8... Nbd7 (8... b5 $142 $1) ({Predecessor:} 8... h6 9. Bxf6 Bxf6 10. Rd1 {1-0 (33) Grkinic,G (1973)-Findlay,M (1839) IECG email 2004}) 9. Rd1 $11 h6 10. Bxf6 Bxf6 11. Qxc4 ({Predecessor:} 11. Nbd2 Nb6 12. Nxc4 Nxc4 13. Qxc4 Bd7 14. Ne5 c6 15. e3 Qc7 {1-0 (33) Grkinic,G (1973)-Findlay,M (1839) IECG email 2004}) 11... c5 12. Qc2 Qb6 {[%cal Rc5d4]} 13. e3 e5 (13... cxd4 $11 14. exd4 Nb8) 14. Nc3 cxd4 15. Nd5 Qa5 16. exd4 Qxd5 17. dxe5 Qa5 18. exf6 Nxf6 19. Nd4 Bg4 20. Rd3 Rac8 21. Qd2 Qxd2 22. Rxd2 Rc7 23. h3 Bc8 24. Ne2 b6 25. Rad1 Bb7 26. Nc3 Bxg2 27. Kxg2 Rc6 28. a3 g6 29. Na2 a5 30. Nc3 Kg7 31. Rd8 Ne8 32. Kf1 Nf6 33. R1d6 Rxd8 34. Rxc6 {[%mdl 4096] Endgame KRN-KRN} Rb8 35. a4 Nd7 36. Nd5 b5 $1 37. b3 bxa4 38. bxa4 Rb1+ 39. Ke2 Ra1 40. Nc3 Rc1 41. Kd2 Rf1 42. Nd1 g5 {[#]} (42... Rh1 $11) 43. Ra6 (43. Ke2 $1 $16 {[%cal Re2f1]} Rh1 44. Ra6) 43... Nc5 $1 {[%cal Rc5a6] The position is equal.} 44. Ra7 {Hoping for Ke2.} Nxa4 45. Rxa5 Nb6 {Strongly threatening ...Nc4+.} 46. Rc5 Rh1 47. Ke2 Rxh3 48. Ne3 Nd7 49. Ra5 Rh1 50. Nf1 g4 51. Ne3 h5 52. Ng2 Nf6 53. Rg5+ Kh6 54. Rf5 Kg6 55. Re5 Kg7 56. Rg5+ Kh6 57. Rf5 Kg6 58. Re5 Kg7 59. Rg5+ Kh6 60. Rf5 Kg6 {Accuracy: White = 78%, Black = 56%.} 1/2-1/2

[Event "Gibraltar Challengers B 2019"]
[Site "Caleta"]
[Date "2019.01.30"]
[Round "5"]
[White "Abdulraheem Abdulrahman Akint"]
[Black "Kozarcanin, Sead"]
[Result "1-0"]
[WhiteElo "2224"]
[BlackElo "2048"]
[Annotator "NA RC"]
[PlyCount "113"]
[EventDate "2019.01.18"]
[EventType "swiss"]
[EventCountry "GGB"]
[SourceTitle "playchess.com"]
[Source "ChessBase"]
[SourceQuality "1"]
[TimeControl "6600+10"]

{[%evp 12,111,29,32767,43,33,38,33,33,11,32767,32767,14,13,16,5,7,8,7,11,4,6,52,66,32767,32767,50,51,32767,112,119,128,94,88,100,95,170,157,187,184,32767,189,204,156,164,32767,147,32767,199,179,32767,206,259,32767,32767,32767,32767,32767,32767,32767,231,32767,247,243,240,247,252,278,314,32767,251,360,366,367,424,292,451,368,345,295,32767,383,392,329,347,369,333,343,410,32767,529,32767,1643,1011,1591,4818,32767,32767,32767,32767,29950,5214]} 1. Nf3 {[%emt 0:06:19]} d5 {[%emt 0:00:00]} 2. c4 {[%emt 0:00:07]} e6 {[%emt 0:00:06]} 3. g3 {[%emt 0:00:05]} Nf6 {[%emt 0:00:23]} 4. Bg2 {[%emt 0:00:13]} Be7 {[%emt 0:00:22]} 5. O-O {[%emt 0:00:09]} O-O {[%emt 0:00:04]} 6. b3 {[%emt 0:00:09]} a5 {[%emt 0:00:55]} 7. Nc3 {[%emt 0:00:24]} Na6 {[%emt 0:00:50] A14: English Opening: 1...e6 with b3 by White} 8. Bb2 {[%emt 0:00:33]} Nc5 {[%emt 0:00:15]} 9. Qb1 $146 {[%emt 0:04:42]} ({Predecessor:} 9. d4 Nce4 10. Nxe4 Nxe4 11. Nd2 Nxd2 12. Qxd2 a4 13. Qc2 c6 14. e4 Qa5 15. Bc3 {½-½ (31) Ikeda,J (2420)-Turov,M (2600) Teplice 2018}) 9... Nce4 {[%emt 0:09:41]} 10. d3 {[%emt 0:01:25]} Nxc3 {[%emt 0:00:47]} 11. Bxc3 {[%emt 0:00:04]} c5 {[%emt 0:00:32]} 12. e3 {[%emt 0:00:34]} b6 {[%emt 0:00:52]} 13. Qb2 {[%emt 0:01:21]} Bb7 {[%emt 0:00:56]} 14. Rfd1 {[%emt 0:00:52]} Qc8 {[%emt 0:01:23]} 15. Rac1 {[%emt 0:00:35]} Rd8 {[%emt 0:00:36]} 16. a4 {[%emt 0:11:31]} Ne8 {[%emt 0:02:53]} 17. cxd5 {[%emt 0:07:41]} exd5 {[%emt 0:03:21]} 18. d4 {[%emt 0:00:31]} Qe6 {[%emt 0:05:11]} 19. Ne5 {[%emt 0:05:14]} Rac8 {[%emt 0:15:04]} 20. dxc5 {[%emt 0:00:47]} Bxc5 {[%emt 0:00:34] [#]} 21. Nd3 $1 {[%emt 0:01:51]} Bd6 {[%emt 0:04:03]} 22. Nf4 {[%emt 0:03:58]} Bxf4 {[%emt 0:00:14]} 23. exf4 {[%emt 0:00:11]} ({Reject} 23. gxf4 $6 d4 $11) 23... Qg6 {[%emt 0:04:55]} (23... d4 $16 24. Rxd4 (24. Bxd4 Rxc1 25. Qxc1 Bxg2 $11) 24... Bxg2 25. Rxd8 Rxd8 26. Kxg2 h5) 24. Bd4 {[%emt 0:00:57]} Rc6 {[%emt 0:02:02]} 25. Rxc6 {[%emt 0:00:37]} Qxc6 {[%emt 0:00:16]} 26. Rc1 {[%emt 0:00:37]} Qd6 {[%emt 0:01:19]} 27. Bf1 {[%emt 0:03:06]} f6 {[%emt 0:00:35]} 28. Qe2 {[%emt 0:00:33]} Nc7 {[%emt 0:01:18]} 29. f5 {[%emt 0:08:57]} Ba6 {[%emt 0:02:19]} 30. Qc2 {[%emt 0:00:23]} Bxf1 {[%emt 0:00:34]} 31. Kxf1 {[%emt 0:02:49]} ({And not} 31. Qxc7 Bh3 $11) 31... Na6 {[%emt 0:02:27]} 32. Qc6 {[%emt 0:03:53]} Nb4 {[%emt 0:03:27]} 33. Qxd6 {[%emt 0:02:02]} Rxd6 {[%emt 0:00:03]} 34. Rc8+ {[%emt 0:00:18]} Kf7 {[%emt 0:00:02]} 35. Rc7+ {[%emt 0:00:13]} Kg8 {[%emt 0:00:18]} 36. Ke2 {[%emt 0:01:40]} g6 {[%emt 0:02:45]} 37. fxg6 {[%emt 0:00:54]} hxg6 {[%emt 0:00:01]} 38. Kd2 {[%emt 0:00:40]} Na6 {[%emt 0:02:45]} 39. Ra7 {[%emt 0:03:43]} Nc5 {[%emt 0:00:26]} 40. Bxc5 {[%emt 0:00:23]} bxc5 {[%emt 0:00:01]} 41. Rxa5 {[%emt 0:00:14]} Rc6 {[%emt 0:01:01]} 42. Ra7 {[%emt 0:05:47]} c4 {[%emt 0:03:25]} 43. b4 {[%emt 0:00:21]} d4 {[%emt 0:00:34]} (43... c3+ $142 44. Kc1 d4) 44. Rd7 {[%emt 0:00:18]} c3+ {[%emt 0:00:28]} 45. Kc1 {[%emt 0:07:28]} Rc4 {[%emt 0:01:21]} 46. a5 {[%emt 0:00:42]} Rxb4 {[%emt 0:02:59]} 47. a6 {[%emt 0:00:13]} d3 {[%emt 0:08:16]} 48. Rxd3 {[%emt 0:06:23]} Ra4 {[%emt 0:03:10]} 49. Rd6 {[%emt 0:00:25]} ({Not} 49. Rxc3 Rxa6 50. Kd2 g5 $14) 49... Kf7 {[%emt 0:00:10]} 50. Kc2 {[%emt 0:00:46]} Ra2+ {[%emt 0:00:22]} 51. Kxc3 {[%emt 0:00:33]} Rxf2 {[%emt 0:00:06]} 52. Kb3 {[%emt 0:01:09]} (52. Rd2 $142 Rf3+ 53. Kb4) 52... Rf1 {[%emt 0:01:16]} 53. Rd2 {[%emt 0:00:48]} Rb1+ {[%emt 0:00:22]} 54. Rb2 {[%emt 0:00:10]} Ra1 {[%emt 0:00:02]} 55. Ra2 {[%emt 0:00:14]} Rb1+ {[%emt 0:00:02]} 56. Kc4 $18 {[%emt 0:01:12]} Rb8 {[%emt 0:00:02]} 57. a7 {[%emt 0:00:22]} 1-0

[Event "Gibraltar Challengers B 2019"]
[Site "Caleta"]
[Date "2019.01.30"]
[Round "5"]
[White "Rodriguez Perez, Angel Mariano"]
[Black "Weeramantry, Sunil"]
[Result "1/2-1/2"]
[WhiteElo "2204"]
[BlackElo "2007"]
[Annotator "TA"]
[PlyCount "78"]
[EventDate "2019.01.18"]
[EventType "swiss"]
[EventCountry "GGB"]
[SourceTitle "playchess.com"]
[Source "ChessBase"]
[SourceQuality "1"]

{[%evp 18,78,93,76,88,86,83,91,81,82,103,85,109,20,28,29,98,-73,-71,-68,-73,-69,-82,-67,0,12,84,133,125,-39,0,0,71,77,81,70,68,68,75,0,0,-684,-684,-684,-684,-677,-677,-877,-877,-815,-787,-5339,-5339,-29989,-29990,-29990,-225,-211,0,-29990,-29991,-29991,0]} 1. e4 $146 ({Predecessor:} 1. d4 Nf6 2. c4 g6 3. Nc3 Bg7 4. e4 {0-1 (28) Teglas,B (2041)-Valis,J (2149) Hungary 2007}) 1... d6 2. d4 g6 3. c4 Nf6 4. Nc3 Bg7 5. f3 O-O 6. Be3 Nc6 7. Qd2 Re8 8. O-O-O e5 9. d5 Nd4 10. Nge2 c5 {E83: King's Indian: Sämisch Panno (6...Nc6): Lines without either Nge2 or Qd2} 11. dxc6 $1 bxc6 12. Nxd4 exd4 {White is better.} 13. Bxd4 Be6 14. Kb1 Rb8 ({Predecessor:} 14... c5 15. Be3 Rb8 16. e5 Nd7 17. exd6 Qa5 18. Nb5 Rxb5 19. cxb5 Qxa2+ {0-1 (28) Teglas,B (2041)-Valis,J (2149) Hungary 2007}) 15. Na4 (15. Bxa7 $16 Ra8 16. Bd4) 15... c5 16. Bc3 Bd7 (16... Qd7 $11 17. Qc2 Qe7) 17. Qc2 $2 (17. Ba5 $1 $16 {[%cal Ra5d8] is forced if you want to stay better.} Qc8 18. Nc3) 17... Qc8 $36 {[%mdl 2048] Keeping White busy.} 18. Ka1 Qa6 19. b3 {next Nb2 is good for White.} Bxa4 $1 20. bxa4 Rb4 (20... Nh5 $15) 21. e5 $1 $11 {[%cal Re5f6]} (21. Bxb4 $2 Nd5+ 22. Kb1 Nxb4 $19) 21... Nd7 (21... Rxe5 $11 {remains equal.} 22. Bxe5 dxe5 23. Rd8+ Bf8) 22. Bxb4 $16 cxb4 23. Kb1 $2 (23. c5 $1 $16 Qc8 24. Kb1 Rxe5 25. cxd6) 23... Qa5 24. c5 $1 {Black must now prevent Bb5.} Nxc5 (24... Rxe5 $11 25. cxd6 Re8) 25. Bb5 ({Not} 25. Rxd6 $2 Nxa4 26. f4 Nc3+ 27. Ka1 Bxe5 $1 $19 {[%mdl 512]}) 25... Rxe5 26. Rxd6 {f4 is the strong threat.} a6 27. f4 b3 $1 {[%cal Rb3c2] [#]} 28. axb3 ({Better is} 28. Qd2 $1 $16 {[%cal Rd2a5]} bxa2+ 29. Kxa2 Qxd2+ 30. Rxd2) 28... Re3 $1 $11 {[%cal Re3b3]} 29. Qxc5 $4 {[%mdl 8192]} (29. Bd3 $11) 29... Rxb3+ $19 {[%mdl 64] Double Attack, Pin} 30. Ka2 Rb2+ {[%mdl 64] Double Attack, Pin} 31. Ka3 Rxb5 32. Qc4 {Hoping for Rd7.} Bf8 33. Rhd1 Rc5 34. Qd4 Bxd6 35. Qxd6 Qc3+ 36. Ka2 Qc4+ $2 (36... Qc2+ 37. Ka3 Rc4 38. Qb8+ Kg7 39. Qb3 Rc3 40. Rb1 Rxb3+ 41. Rxb3 Qxg2 42. Rb2 Qf3+ 43. Ka2 Qxf4 44. Kb3 f5 45. Rc2 a5 46. Rc3 Qb8+ 47. Kc4 Qxh2 48. Rd3 Qc2+ 49. Rc3 Qb1 50. Rh3 Qc2+ 51. Rc3 Qb1 52. Rh3 Qc2+ 53. Rc3) 37. Ka3 Qc3+ $2 (37... Rc8 $19 38. Rd2 Qc3+ 39. Ka2 Rc4 40. Qb8+ Kg7 41. Qe5+ Qxe5 42. fxe5 Rxa4+ 43. Kb3 Re4) 38. Ka2 Qc2+ {[%mdl 64] Double Attack} 39. Ka3 Qc3+ $2 {Accuracy: White = 33%, Black = 49%.} (39... Rc3+ {mates} 40. Kb4 Rb3+ 41. Ka5 Qc3+ 42. Kxa6 Qc8+ 43. Ka5 Qa8+ 44. Qa6 Qb8 45. Qxg6+ hxg6 46. Rd8+ Qxd8+ 47. Ka6 Qb6#) 1/2-1/2

[Event "Gibraltar Challengers B 2019"]
[Site "Caleta"]
[Date "2019.01.30"]
[Round "5"]
[White "Saber, Yasser"]
[Black "Hamer, Martyn"]
[Result "0-1"]
[WhiteElo "2201"]
[BlackElo "2046"]
[Annotator "TA"]
[PlyCount "62"]
[EventDate "2019.01.18"]
[EventType "swiss"]
[EventCountry "GGB"]
[SourceTitle "playchess.com"]
[Source "ChessBase"]
[SourceQuality "1"]

{[%evp 12,62,-77,-83,-72,-96,-96,-98,-96,-105,-99,-104,-89,-118,-121,-120,-120,-114,-112,-119,-119,-143,-143,-167,-169,-177,-160,-191,-180,-175,-167,-282,-278,-271,-282,-320,-305,-369,-361,-337,-293,-328,-313,-364,-347,-563,-566,-557,-556,-994,-601,-1113,-842]} 1. d4 Nc6 2. Nf3 d5 3. Bf4 Bg4 4. e3 e6 5. Be2 Bd6 6. O-O {D02: 1 d4 d5 2 Nf3 sidelines, including 2...Nf6 3 g3 and 2...Nf6 3 Bf4} (6. Bg3 Nf6 7. Nbd2 O-O 8. O-O Bxf3 9. Nxf3 Ne4 10. c4 Nxg3 11. hxg3 dxc4 12. Bxc4 Ne7 13. Qb3 Rb8 14. Rfd1 {½-½ (40) Oleksienko,M (2628)-Aravindh,C (2487) Baku 2015}) 6... Bxf4 7. exf4 {LiveBook: 3 Games} Qf6 8. g3 $146 {[#]Black is better.} ({Predecessor:} 8. c4 Nge7 9. cxd5 exd5 10. Nc3 Qxf4 11. Re1 O-O 12. Rc1 Rad8 13. h3 Bxf3 14. Bxf3 Nxd4 15. Rxe7 Nxf3+ {0-1 (40) Neiman,E (2335)-Philippe,C (2403) Belfort 2012}) 8... Bxf3 $1 9. Bxf3 Qxd4 10. Qc1 Nf6 11. c4 Qc5 12. cxd5 Qxc1 13. Rxc1 Nd4 14. Bd1 Nxd5 15. Rc4 Nf5 16. Nc3 Nxc3 17. bxc3 O-O-O 18. Bf3 Rd6 19. a4 a5 20. Re1 Rhd8 21. Kg2 (21. Rb1 {is a better defense.} b6 22. Kf1) 21... Rd2 $19 22. Bg4 g6 {[%cal Bg7g6,Bg6f5][%mdl 32]} 23. Kf1 Rb2 24. Re2 Rd1+ 25. Kg2 Rdd2 26. Rxd2 Rxd2 27. Bxf5 gxf5 {KR-KR} ({But not} 27... exf5 28. h4 $19) 28. Kf3 $2 {[#]} (28. g4 fxg4 29. f5) 28... b6 {Black is clearly winning.} 29. Ke3 Rc2 30. Kd3 Rxf2 31. Rd4 c5 {Precision: White = 26%, Black = 88%.} 0-1